000 00635nam a2200193 i 4500
001 143622
003 ES-MaACL
005 20230906200845.0
007 t|
008 070214s1973 sp r ||||1| spa d
100 1 _aSerís, Homero,
_d1879-1969
_9105555
245 1 0 _aGuía de nuevos temas de literatura española /
_cHomero Serís ; transcrita, editada y cotejada por D. W. McPheeters.
260 _aMadrid :
_bCastalia,
_c1973.
300 _a324 p. ;
_c22 cm.
650 0 4 _aLiteratura española-
_vBibliografías.
_914554
700 1 _aMcPheeters, D. W.
_979613
852 _aES-MaACL
_jC-55111
_bR.87687
999 _c143622
_d143622